| 000 | 01137nam a22003377a 4500 | ||
|---|---|---|---|
| 001 | BR0301221 | ||
| 003 | BR-BrBNA | ||
| 005 | 20230928101241.0 | ||
| 007 | ta | ||
| 008 | 230509b bl.||||| |||| 00| 0 por d | ||
| 040 |
_aBR-BrBNA _bpor _cBiblioteca Nacional de Agricultura |
||
| 041 | _a(Por) | ||
| 072 |
_aL10 _b5100 |
||
| 090 | _ 5100 BR0301221 | ||
| 100 | 1 | _aGoulart, H. de M. | |
| 110 | 1 |
_aFundação Universidade de Brasília, DF (Brasil). Faculdade de Agronomia e Medicina Veterinária _0Tese (Mestre em Ciências Agrárias) _95048 |
|
| 245 | 1 | _aEfeitos da pentoxifilina sobre a viabilidade "in vitro" dos espermatozóides de equinos, após o resfriamento a cinco graus centígrados | |
| 260 | 3 |
_aBrasília, DF (Brasil): _c2002. |
|
| 300 | _a73 p. | ||
| 500 | _aSummaries (Eng, Por), Bibliography p. 45-55; 19 tables; 8 illus. | ||
| 650 | _aEQUINO | ||
| 650 | _aESPERMATOZÓIDE | ||
| 650 | _aMEDICAMENTO | ||
| 650 | _aCULTURA IN VITRO | ||
| 650 | _aRESFRIAMENTO | ||
| 650 | _aQUALIDADE | ||
| 650 | _aINSEMINAÇÃO ARTIFICIAL | ||
| 650 | _aMICROSCOPIA | ||
| 909 |
_a202309 _bLucia _c55 _dLucia Elande |
||
| 942 | _cBK | ||
| 999 |
_c64926 _d64926 |
||